书目信息 |
| 题名: |
走进新三峡
|
|
| 作者: | 文雅 主编 | |
| 分册: | ||
| 出版信息: | 北京 中国地图出版社 2005.05 |
|
| 页数: | 209页 | |
| 开本: | 21cm | |
| 丛书名: | ||
| 单 册: | ||
| 中图分类: | K928.97 | |
| 科图分类: | ||
| 主题词: | ||
| 电子资源: | ||
| ISBN: | 7-5031-3879-3 | |
| 000 | 00827nam0 2200241 450 | |
| 001 | 012006292681 | |
| 005 | 20060921164254.50 | |
| 010 | @a7-5031-3879-3@dCNY28.00 | |
| 100 | @a20060704d2005 km y0chiy0120 ea | |
| 101 | 0 | @achi |
| 102 | @aCN@b110000 | |
| 105 | @aabh z 000yy | |
| 200 | 1 | @a走进新三峡@Azou jin xin san xia@e三峡及周边旅游指南 |
| 210 | @a北京@c中国地图出版社@d2005.05 | |
| 215 | @a209页@c图 (部分彩图), 地图, 摹真@d21cm | |
| 314 | @a责任者取自版权页 | |
| 330 | @a内容介绍: 本书向读者介绍了重庆风景名胜、鹅岭公园、魅力重庆、重庆十八怪、遵义风景名胜、魅力遵义、白帝城等内容。 | |
| 517 | 1 | @a三峡及周边旅游指南@Asan xia ji zhou bian lu you zhi nan |
| 607 | @a三峡@Asan xia@x旅游指南 | |
| 690 | @aK928.97@v4 | |
| 701 | 0 | @a文雅@Awen ya@4主编 |
| 801 | 0 | @aCN@bQSSK@c20060921 |
| 905 | @a10447@dK928.97@eW662 | |
| 走进新三峡:三峡及周边旅游指南.-北京:中国地图出版社,2005.05 |
| 209页:图 (部分彩图), 地图, 摹真;21cm |
| ISBN 7-5031-3879-3:CNY28.00 |
| 内容介绍: 本书向读者介绍了重庆风景名胜、鹅岭公园、魅力重庆、重庆十八怪、遵义风景名胜、魅力遵义、白帝城等内容。 |
| ● |
| 相关链接 |
|
|
|
正题名:走进新三峡
索取号:K928.97/W662
 
预约/预借
| 序号 | 登录号 | 条形码 | 馆藏地/架位号 | 状态 | 备注 |
| 1 | 593950 | 205939500 | 社科库309/309社科库 24排2列2层/ [索取号:K928.97/W662] | 在馆 | |
| 2 | 593951 | 205939519 | 社科库309/309社科库 24排2列2层/ [索取号:K928.97/W662] | 在馆 | |
| 3 | 593952 | 205939528 | 社科库309/309社科库 24排2列2层/ [索取号:K928.97/W662] | 在馆 |